National and regional economic planning in Yugoslavia

Salvato in:
Dettagli Bibliografici
Autore principale: Kubovič, B.
Altri autori: Tričkovic, V.
Natura: Libro
Lingua:inglese
Pubblicazione: Beograd Federal Planning Bureau 1961
Tags: Aggiungi Tag
Nessun Tag, puoi essere il primo ad aggiungerne!!

MARC

LEADER 00000nam a2200000 4500
001 c104827
005 20221207070009.0
041 0 |a eng 
044 |a YU 
245 1 0 |a National and regional economic planning in Yugoslavia  |c B. Kubovič, V. Tričkovic 
264 1 |a Beograd  |b Federal Planning Bureau  |c 1961 
300 |a 48 s. 
100 1 |a Kubovič, B. 
700 1 |a Tričkovic, V.